• 首页
  • 本馆介绍
  • 公告通知
  • 最新文献
  • 馆藏检索
  • 电子资源
  • 读者导购
  • 参考咨询
  • 我的图书馆
  • 登录
  • 详细信息显示
  • 放入我的书架
  • 预约/预借图书
  • 作者相关作品
  • 分类相关作品
  • 丛书相关作品
  • 出版社相关作品

书目信息

  • 表格格式
  • 工作单格式
  • 卡片格式
书名: An introduction to biological evolution
作者: Kenneth V. Kardong.
分册号:
分册名:
出版地: Boston :
 
出版社: McGraw-Hill Higher Education
出版时间: c2005.
页数: xiv, 322 p. :
开本: 26 cm.
丛书名:
中图分类号:
科图分类号:
其他分类号: Q11
主题词:
电子资源: http://www.loc.gov/catdir/description/mh051/2004040211.html      http://www.loc.gov/catdir/toc/mh041/2004040211.html     
000 01358cam a22003254a 450
001 E0756672908
005 20070509154838.04
008 040107s2005 iauab b 001 0 eng
010    @a2004040211
020    @a0072385790.
020    @a0-07-299887-6.
020    @a0071216162.
040    @aDLC@cDLC@dDLC
042    @apcc
050 00 @aQH366.2@b.K355 2005
082 00 @a576.8@2 22
090    @aQ11
099    @dQ11@ex54
100 1  @aKardong, Kenneth V.
245 13 @aAn introduction to biological evolution / @cKenneth V. Kardong.
260    @aBoston :@bMcGraw-Hill Higher Education,@cc2005.
260    @aBerkeley :@bBerkeley.
300    @axiv, 322 p. :@bill., maps ;@c26 cm.
504    @aIncludes bibliographical references and index.
650  0 @aEvolution (Biology)@vTextbooks.
856 42 @3 Publisher description@uhttp://www.loc.gov/catdir/description/mh051/2004040211.html
856 41 @3 Table of contents@uhttp://www.loc.gov/catdir/toc/mh041/2004040211.html
906    @a7@bcbc@corignew@d1@eocip@f20@gy-gencatlg
925 0  @aacquire@b2 shelf copy@xpolicy default
955    @apc20 2004-01-07 to ASCD@cjb14 2004-01-08@djb08 2004-01-09 to sl@ejb18 2004-01-09 to Dewey@aaa07 2004-01-12@aps13 2004-04-20 1 copy rec’d., to CIP ver.@ajb00 2004-04-23 bk rec’d@fjb11 2004-06-08@gjb18 2004-06-09 to BCCD@ajb02 2004-07-29 copy 2 to BCCD
    
    An introduction to biological evolution / / Kenneth V. Kardong.-Boston : : McGraw-Hill Higher Education, , c2005.-Berkeley : : Berkeley.
    xiv, 322 p. : : ill., maps ; ; 26 cm.
    Includes bibliographical references and index.
    
    ISBN 0072385790.
    
●
相关链接 在E读中查询图书 在五车中查询图书 在当当中查询图书 在豆瓣中查询图书


正题名:introduction to biological evolution     索取号:Q11/x54         预约/预借

序号 登录号 条形码 馆藏地/架位号 状态 备注
1 6630   300066309   第二样本阅览室/ [索取号:Q11/x54] 在馆    
唐山师范学院图书馆 欢迎您!
大连网信软件有限公司© 版权所有